1706 1187 1956 1969 1400 1694 1005 1572 1492 1404 1171 1018 1167 1054 1892 1961 1177 1186 1943 1776 1623 1111 1231 1018 1067 1118 1028 1464 1252 1589 1955 1741 1698 1265 1082 1983 1509 1334 1778 1464 1775 1083 1719 2000 1067 1115 1138 1153 1784 1476 1458 1571 1553 1708 1258 1175 1754 1838 1807 1444 1426 1896 1416 1401 1466 1065 1335 1891 1542 1218 1770 1834 1653 1997 1509 1333 1000 1499 1276 1617 1777 1666 1318 2000 1154 1660 1611 1448 1165 1723 1886 1608 1284 1303 1007 1303 1603 1896 1525 BCNSPRNW ULIB Ver.6.0+V

เปลี่ยนเป็นภาษาไทย

Change to English
 แสดงรายละเอียดบรรณานุกรม
  กลับหน้าหลัก

Brief Record : Get Marc (ISO 2709) : E-mail record : QR code < ปิดหน้าต่าง
LEADER : 00000nam 2200000uu 4500
001    13399121347
003     ULIB
008    020711s2551 th a 000 0 tha d
020    9789749935361
090    นว.^bพ611ข
100    พิณพระจันทร์
245    ขอความใฝ่ฝันคงมั่นนิรันดร์/^cพิณพระจันทร์
250    พิมพ์ครั้งที่ 1
260    กรุงเทพฯ :^bอรุณ,^c2551
945    ^p239^l0^i16166
999    ^aทศพร เกษรทอง
รายการนี้ยังไม่มีแท็ก
คุณยังไม่ได้ล็อกอิน คุณสามารถมีกิจกรรมร่วมกับเว็บไซต์ได้ แต่ต้องล็อกอินก่อน ::
  ล็อกอิน

รายการสื่อสารสนเทศ

ลำดับที่ ประเภท เลขเรียก/บาร์โค้ด สถานที่ สถานะ
1. วิทยาศาสตร์การแพทย์ และสุขภาพ
วิทยาศาสตร์การแพทย์ และสุขภาพ
นว. พ611ข  
  Barcode: 16166
ห้องสมุดวิทยาเขตสวรรค์ประชารักษ์
►นวนิยาย
บนชั้น
  ขอยืม

BibComment


ยังไม่เคยถูกคอมเมนท์

คอมเมนท์ทรัพยากรรายการนี้
  คอมเมนท์: ขอความใฝ่ฝันคงมั่..


 Copyright 2026. Bcnsprnw @Library